Battles of the 100 Years' War - Statistics

General Stats
  • This quiz has been taken 42 times
  • The average score is 5 of 32
Answer Stats
Hint Answer % Correct
England Agincourt
93%
England Poitiers
63%
France Castillon
47%
England Sluys
47%
France Patay
40%
Castille La Rochelle
30%
France Formigny
27%
England Vernueil
20%
England Caen
17%
France Beaugency
10%
France Morlaix
10%
England The Herrings
10%
France Cocherel
7%
France Saint-Omer
7%
Portugal Aljubarrota
3%
France Ardres
3%
England Auberoche
3%
England Auray
3%
England Bergerac
3%
England Blackpool Sands
3%
England Blanchetaque
3%
England Brest
3%
France Chiset
3%
England Cravant
3%
England Fresnay
3%
France Gerberoy
3%
France Lusignan
3%
England Margate
3%
France Mauron
3%
France Montmuran
3%
France Roosebeke
3%
England Saint James
3%
No matching quizzes found
Score Distribution
Percent of People with Each Score
Percentile by Number Answered
Your Score History
You have not taken this quiz